Agroecological economics (notice nᵒ 22622)
[ vue normale ]
| 000 -LEADER | |
|---|---|
| fixed length control field | 00563nam a2200181zi 4500 |
| 005 - DATE AND TIME OF LATEST TRANSACTION | |
| control field | 20171121044910.0 |
| 020 ## - ISBN | |
| ISBN | 978-0-12-374117-2 |
| 037 ## - SOURCE D'ACQUISITION | |
| Cote | BC_681 78/A-B |
| Forme de support | Autres |
| 040 ## - SOURCE DU CATALOGAGE | |
| Origine cataloguage | BC-ENSA |
| Langue du catalogage | fre |
| 041 ## - CODE DE LANGUE | |
| Langue | Anglais |
| 100 ## - VEDETTE PRINCIPALE - AUTEUR PRINCIPAL | |
| Auteur | WOJTKOWSKI, Paul |
| 245 ## - MENTION DU TITRE | |
| Titre | Agroecological economics |
| Complément de titre | sustainability and biodiversity |
| 260 ## - PUBLICATION, DIFFUSION, ETC. (ADRESSE BIBLIOGRAPHIQUE) | |
| Lieu d'édition | Amsterdam |
| Nom de l'éditeur | Elsevier |
| Année d'édition | 2008 |
| 300 ## - DESCRIPTION MATÉRIELLE | |
| Nombre de pages | 293 p. |
| Illustration | couv ill. en coul. |
| Format | 26 cm |
| 562 ## - NOTE D'IDENTIFICATION DES EXEMPLAIRES ET VERSIONS | |
| Numbre d' exemplaire | 02 exemplaires |
| 942 ## - ADDED ENTRY ELEMENTS (KOHA) | |
| Type document | Ouvrage |
| 653 ## - DESCRIPTEUR LIBRE | |
| Mots clés libres | AGRICULTURE/ECOLOGIE/BIODIVERSITE/ANALYSE ECONOMIQUE/GENETIQUE/MICROORGANISME |
| statut de retrait | Statut | emplacement permanent | Localisation actuelle | Cote | code à barre | Koha type d'élément |
|---|---|---|---|---|---|---|
| Bibliothèque Centrale | Bibliothèque Centrale | BC_681 78/A | BC_681 78/A | Ouvrage | ||
| Bibliothèque Centrale | Bibliothèque Centrale | BC_681 78/B | BC_681 78/B | Ouvrage |